• 首页
  • 本馆介绍
  • 公告通知
  • 最新文献
  • 馆藏检索
  • 电子资源
  • 读者导购
  • 参考咨询
  • 我的图书馆
  • 登录
  • 详细信息显示
  • 放入我的书架
  • 预约/预借图书
  • 作者相关作品
  • 分类相关作品
  • 丛书相关作品
  • 出版社相关作品

书目信息

  • 表格格式
  • 工作单格式
  • 卡片格式
题名:
大学计算机基础实验教程
    
 
作者: 柴欣 , 武优西 主编
分册:  
出版信息: 北京   中国铁道出版社  2014.07
页数: 202页
开本: 29cm
丛书名:
单 册:
中图分类: TP316.7 , TP317.1 , TP3
科图分类:
主题词: Windows操作系统--高等学校--教材 , 办公自动化--应用软件--高等学校--教材 , Windows操作系统 , 办公自动化 , 应用软件 , 计算技术 , 电子计算机
电子资源:
ISBN: 978-7-113-18347-9
000 01372nam0 2200361 450
001 5319
005 20181016164351.06
010    @a978-7-113-18347-9@dCNY29.80
100    @a20140917d2014 em y0chiy50 ea
101 0  @achi
102    @aCN@b110000
105    @ay z 000yy
200 1  @a大学计算机基础实验教程@9da xue ji suan ji ji chu shi yan jiao cheng@eWindows 7+Office 2010@f柴欣,武优西主编
205    @a6版
210    @a北京@c中国铁道出版社@d2014.07
215    @a202页@d29cm
300    @a普通高等教育“十一五”国家级规划教材配套用书 21世纪大学计算机基础规划教材
330    @a本书与《大学计算机基础教程(第六版)柴欣,武优西主编》一书配套使用的实验指导用书。分两部分,第一部分是上机实验指导与示例,第二部分是习题与参考答案。内容包括:上机实验预备知识、Windows 7操作系统、文字处理软件Word 2010、电子表格处理软件Excel 2010、演示文稿制作软件PowerPoint 2010、因特网技术与应用。
517 1  @aWindows 7+Office 2010
606 0  @aWindows操作系统@x高等学校@j教材
606 0  @a办公自动化@x应用软件@x高等学校@j教材
606 0  @aWindows操作系统
606 0  @a办公自动化
606 0  @a应用软件
606 0  @a计算技术
606 0  @a电子计算机
690    @aTP316.7@v5
690    @aTP317.1@v5
690    @aTP3@v4
701  0 @a柴欣@9chai xin@4主编
701  0 @a武优西@9wu you xi@4主编
801  0 @aCN@b91MARC@c20150426
905    @aMuseLib@dTP3@e854=6
    
    大学计算机基础实验教程:Windows 7+Office 2010/柴欣,武优西主编.-6版.-北京:中国铁道出版社,2014.07
    202页;29cm
    普通高等教育“十一五”国家级规划教材配套用书 21世纪大学计算机基础规划教材
    
    ISBN 978-7-113-18347-9:CNY29.80
    本书与《大学计算机基础教程(第六版)柴欣,武优西主编》一书配套使用的实验指导用书。分两部分,第一部分是上机实验指导与示例,第二部分是习题与参考答案。内容包括:上机实验预备知识、Windows 7操作系统、文字处理软件Word 2010、电子表格处理软件Excel 2010、演示文稿制作软件PowerPoint 2010、因特网技术与应用。
●
相关链接 在E读中查询图书 在五车中查询图书 在当当中查询图书 在豆瓣中查询图书


正题名:大学计算机基础实验教程     索取号:TP3/854=6         预约/预借

序号 登录号 条形码 馆藏地/架位号 状态 备注
1 1129165   211291653   第二样本阅览室/ [索取号:TP3/854=6] 在馆    
2 1129166   211291662   第三借阅区/ [索取号:TP3/854=6] 在馆    
3 1129167   211291671   第三借阅区/ [索取号:TP3/854=6] 在馆    
4 1129168   211291680   第三借阅区/ [索取号:TP3/854=6] 在馆    
5 1129169   211291699   第三借阅区/ [索取号:TP3/854=6] 在馆    
唐山师范学院图书馆 欢迎您!
大连网信软件有限公司© 版权所有